[Event "San Sebastian op 19th"]
[Site "San Sebastian"]
[Date "2006.04.08"]
[Round "1.15"]
[White "Banuelos Rodenas, Arturo"]
[Black "Gonzalez Menendez, Ivan"]
[Result "0-1"]
[WhiteElo "2055"]
[BlackElo "2390"]
[PlyCount "52"]
[EventDate "2006.04.08"]
[EventType "swiss"]
[EventRounds "9"]
[EventCountry "ESP"]
[SourceTitle "CBM 111 Extra"]
[Source "ChessBase"]
[SourceDate "2006.05.09"]
[SourceVersion "1"]
[SourceVersionDate "2006.05.09"]
[SourceQuality "1"]

1. c4 Nf6 2. Nc3 e6 3. Nf3 d5 4. d4 c6 5. e3 Nbd7 6. Qc2 Bd6 7. b3 0-0 8. cxd5 exd5 9. Bd3 Re8 10. 0-0 Nf8 11. Bd2 Bg4 12. Be2 Ne4 13. Rac1 Qf6 14. h3 Bf5 15. Qd1 Ba3 16. Nxe4 dxe4 17. Ne1 Bxc1 18. Qxc1 Ng6 19. Qc5 Nh4 20. Bc3 b6 21. Qb4 Qg5 22. Kh2 Re6 23. g3 Rh6 24. Rg1 Bxh3 25. gxh4 Qxh4 26. Ng2 Bxg2+ 0-1